Moby Dick / (Registro nro. 7492)

Detalles MARC
000 -LIDER
fixed length control field 01570nam a2200325 a 4500
001 - NÚMERO DE CONTROL
Identificador de número de control 000000399
003 - IDENTIFICACDOR DE NÚMERO DE CONTROL
control field DO-SdBNP
005 - DATE AND TIME OF LATEST TRANSACTION
control field 20180402132515.0
007 - CAMPOS FIJOS DE DESCRIPCIÓN FÍSICA
fixed length control field 000000399
008 - ELEMENTOS DE LONGITUD FIJA
fixed length control field 081127s 1998 dr a 000 j spa d
040 ## - FUENTE DE CATALOGACIÓN
Agencia que crea de manera original el registro BPMSU
Idioma de catalogación spa
Agencia que realiza la transcripción BPMSU
082 #4 - NÚMERO DE CLASIFICACIÓN DECIMAL DE DEWEY
Classification number 813.3
Item number R696m
100 1# - ASIENTO PRINCIPAL -- NOMBRE PERSONAL
Nombre personal Rodríguez Calcaño, Rafael.
245 10 - MENCIÓN DE TITULO
Título Moby Dick /
Mención de responsabilidad Herman Melville ; versión Rafael Rodríguez Calcaño ; ilustración Dorindo Carvalho
260 ## - PUBLICACIÓN, DISTRIBUCIÓN, ETC. (PIE DE IMPRENTA)
Lugar de publicación, distribución, etc Santo Domingo :
Nombre del editor, distribuidor, etc. Tobogán,
Fecha de publicación, distribución, etc 1998.
300 ## - DESCRIPCIÓN FÍSICA
Extensión 117 p. :
Otros detalles físicos il. ;
Dimensiones 23 cm.
490 1# - MENCIÓN DE SERIES
Mención de serie Clásicos universales Tobogán
505 0# - NOTA DE CONTENIDO
Título En busca de aventura --
-- La posada del surtidor --
-- Encuentro a Queequeg --
-- Nantucket --
-- La partida --
-- La tripulación --
-- El juramento --
-- Primera botadura --
-- El surtidor fantasma --
-- Historia del <<Town-Ho>> --
-- El gran <<Squid>> --
-- Los piratas --
-- las extremidades perdidas --
-- Starbuck y el capitán --
-- Un arpón para el cachalote --
-- La extraña profecía --
-- Encuentro con el <<Raquel>> --
-- Primer día de caza --
-- Segundo día de caza --
-- Tercer día de caza --
-- Epílogo --
650 #4 - ENCABEZAMIENTO DE MATERIA--TEMÁTICO
Término temático o nombre geográfico como elemento de entrada CUENTOS INFANTILES ESTADOUNIDENSES
650 #4 - ENCABEZAMIENTO DE MATERIA--TEMÁTICO
Término temático o nombre geográfico como elemento de entrada LITERATURA ESTADOUNIDENSE
700 1# - ASIENTO SECUNDARIO -- NOMBRE PERSONAL
Nombre personal Carvalho, Dorindo.
Mención de responsabilidad il.
700 1# - ASIENTO SECUNDARIO -- NOMBRE PERSONAL
Nombre personal Melville, Herman
Fechas asociadas con el nombre 1819-1891
Título de una obra Moby Dick
830 #0 - ASIENTO SECUNDARIO DE SERIE--TÍTULO UNIFORME
Título uniforme Clásicos universales Tobogán
910 ## - VALIDACIÓN
Validación Validado. Control de calidad MFF
942 ## - ADDED ENTRY ELEMENTS (KOHA)
Source of classification or shelving scheme Dewey Decimal Classification
Koha item type Libros
945 ## - INFORMACIÓN DE PROCESAMIENTO LOCAL
Información de procesamiento local Inventariado, 2018/ YL
956 ## - LOCAL ELECTRONIC LOCATION AND ACCESS (OCLC)
Nombre de host YPOLANCO
Número de acceso 04
Información de compresión 20110513
Inicio de sesión BND01
Procesador de solicitud 1203
956 ## - LOCAL ELECTRONIC LOCATION AND ACCESS (OCLC)
Nombre de host VMATEO
Número de acceso 10
Información de compresión 20150223
Inicio de sesión BND01
Procesador de solicitud 000151
956 ## - LOCAL ELECTRONIC LOCATION AND ACCESS (OCLC)
Nombre de host VMATEO
Número de acceso 10
Información de compresión 20150903
Inicio de sesión BPMSU
Procesador de solicitud 00151
Existencias
Withdrawn status Lost status Source of classification or shelving scheme Damaged status Not for loan Collection code Home library Current library Date acquired Total Checkouts Full call number Barcode Date last seen Price effective from Koha item type Source of acquisition
    Dewey Decimal Classification     Colección Juvenil Dominicana Biblioteca Pública Metropolitana Salomé Ureña Biblioteca Pública Metropolitana Salomé Ureña 02/24/2015   813.3 R696m BPMSU15040137 02/24/2015 02/24/2015 Libros  
    Dewey Decimal Classification     Colección Infantil Dominicana Biblioteca Pública Metropolitana Salomé Ureña Biblioteca Pública Metropolitana Salomé Ureña 02/23/2018   813.3 R696m BPMSU18020261 02/23/2018 02/23/2018 Libros Donado por Codetel
    Dewey Decimal Classification     Colección Juvenil Dominicana Biblioteca Pública Metropolitana Salomé Ureña Biblioteca Pública Metropolitana Salomé Ureña 04/02/2018   813.3 R696m BPMSU18040005 04/02/2018 04/02/2018 Libros